<?xml version="1.0" encoding="UTF-8"?>
<record
    xmlns:xsi="http://www.w3.org/2001/XMLSchema-instance"
    xsi:schemaLocation="http://www.loc.gov/MARC21/slim http://www.loc.gov/standards/marcxml/schema/MARC21slim.xsd"
    xmlns="http://www.loc.gov/MARC21/slim">

  <leader>00602nam a22002177a 4500</leader>
  <controlfield tag="005">20250423094505.0</controlfield>
  <controlfield tag="008">250408b        |||||||| |||| 00| 0 eng d</controlfield>
  <datafield tag="020" ind1=" " ind2=" ">
    <subfield code="a">9788119403851</subfield>
  </datafield>
  <datafield tag="040" ind1=" " ind2=" ">
    <subfield code="c">AL</subfield>
  </datafield>
  <datafield tag="041" ind1=" " ind2=" ">
    <subfield code="a">English</subfield>
  </datafield>
  <datafield tag="082" ind1=" " ind2=" ">
    <subfield code="2">23</subfield>
    <subfield code="a">648.408</subfield>
    <subfield code="b">RAVC</subfield>
  </datafield>
  <datafield tag="100" ind1=" " ind2=" ">
    <subfield code="a">K S Ravichandran</subfield>
    <subfield code="9">208667</subfield>
  </datafield>
  <datafield tag="245" ind1=" " ind2=" ">
    <subfield code="a">CSR ESG and Charitable Institutions</subfield>
  </datafield>
  <datafield tag="250" ind1=" " ind2=" ">
    <subfield code="a">2.</subfield>
  </datafield>
  <datafield tag="260" ind1=" " ind2=" ">
    <subfield code="a">Haryana</subfield>
    <subfield code="b">LexisNexis</subfield>
    <subfield code="c">2024</subfield>
  </datafield>
  <datafield tag="300" ind1=" " ind2=" ">
    <subfield code="a">xlvii,1270 p.</subfield>
    <subfield code="b">HB</subfield>
    <subfield code="c">28.5x16 cm.</subfield>
  </datafield>
  <datafield tag="365" ind1=" " ind2=" ">
    <subfield code="a">1791</subfield>
    <subfield code="b">&#x20B9;1821.35</subfield>
    <subfield code="c">&#x20B9;</subfield>
    <subfield code="d">&#x20B9;2495.00</subfield>
    <subfield code="e">27%</subfield>
    <subfield code="f">14-03-2025</subfield>
  </datafield>
  <datafield tag="650" ind1=" " ind2=" ">
    <subfield code="a">Law</subfield>
    <subfield code="9">207899</subfield>
  </datafield>
  <datafield tag="700" ind1=" " ind2=" ">
    <subfield code="a">KUMAR (M M)</subfield>
    <subfield code="9">208668</subfield>
  </datafield>
  <datafield tag="942" ind1=" " ind2=" ">
    <subfield code="2">ddc</subfield>
    <subfield code="c">BK</subfield>
  </datafield>
  <datafield tag="999" ind1=" " ind2=" ">
    <subfield code="c">234117</subfield>
    <subfield code="d">234117</subfield>
  </datafield>
  <datafield tag="952" ind1=" " ind2=" ">
    <subfield code="0">0</subfield>
    <subfield code="1">0</subfield>
    <subfield code="2">ddc</subfield>
    <subfield code="4">0</subfield>
    <subfield code="7">0</subfield>
    <subfield code="8">Law</subfield>
    <subfield code="a">LL</subfield>
    <subfield code="b">LL</subfield>
    <subfield code="d">2025-03-26</subfield>
    <subfield code="e">MPP House Bengaluru -560009</subfield>
    <subfield code="g">1821.35</subfield>
    <subfield code="l">0</subfield>
    <subfield code="o">648.408 RAVC</subfield>
    <subfield code="p">LL002372</subfield>
    <subfield code="r">2025-04-08 13:33:35</subfield>
    <subfield code="v">2495.00</subfield>
    <subfield code="y">BK</subfield>
  </datafield>
</record>
